Sesión científica homenaje a la figura de Carmen Angoloti, Duquesa de la Victoria. (Record no. 182833)

MARC details
000 -LEADER
campo de control de longitud fija 00736nam a2200193 i 4500
001 - NÚMERO DE CONTROL
campo de control 182833
003 - IDENTIFICADOR DE NÚMERO DE CONTROL
campo de control ES-MaACL
005 - FECHA Y HORA DE LA ÚLTIMA TRANSACCIÓN
campo de control 20250809001823.0
008 - DATOS DE LONGITUD FIJA--INFORMACIÓN GENERAL
campo de control de longitud fija 131108s2012 sp a | |||||||| | spa d
020 ## - NÚMERO INTERNACIONAL ESTÁNDAR DEL LIBRO
Número Internacional Estándar del Libro 978-84-939753-0-2
080 ## - NÚMERO DE LA CLASIFICACIÓN DECIMAL UNIVERSAL
Número de la Clasificación Decimal Universal 929 Angoloti y Mesa, Carmen, Duquesa de la Victoria (082.2)
245 00 - MENCIÓN DEL TÍTULO
Título Sesión científica homenaje a la figura de Carmen Angoloti, Duquesa de la Victoria.
260 ## - PUBLICACIÓN, DISTRIBUCIÓN, ETC.
Lugar de publicación, distribución, etc. Madrid :
Nombre del editor, distribuidor, etc. Real Academia Nacional de Medicina,
Fecha de publicación, distribución, etc. 2012.
300 ## - DESCRIPCIÓN FÍSICA
Extensión 77 p. :
Otras características físicas il. ;
Dimensiones 24 cm.
600 17 - PUNTO DE ACCESO ADICIONAL DE MATERIA--NOMBRE DE PERSONA
Nombre de persona Angoloti y Mesa, María del Carmen,
Títulos y otros términos asociados al nombre Duquesa de la Victoria,
Fechas asociadas al nombre 1875-1959
Fuente del encabezamiento o término
9 (RLIN) 153807
710 2# - ENTRADA AGREGADA--NOMBRE DE ENTIDAD CORPORATIVA
Nombre de entidad corporativa o nombre de jurisdicción como elemento de entrada Real Academia Nacional de Medicina (España)
9 (RLIN) 6344
852 ## - LOCALIZACIÓN
Ubicación ES-MaACL
Número de control de estantería 1597-F-14
Holdings
Estatus retirado Estado de pérdida Estado de daño No para préstamo Colección Biblioteca de origen Biblioteca actual Ubicación en estantería Fecha de adquisición Fuente de adquisición Total de préstamos Signatura topográfica completa Código de barras Visto por última vez Precio de reemplazo Tipo de ítem Koha
        Colección de folletos Biblioteca del Ateneo de Madrid Biblioteca del Ateneo de Madrid Depósito folletos 08/11/2013     1597-F-14 1192149 23/02/2023 23/02/2023 Folleto